| 000 | 00385nam a22001457a 4500 | ||
|---|---|---|---|
| 020 | _a9789699903694 | ||
| 040 | _cNUST | ||
| 082 | _a823.8,SHE | ||
| 100 |
_aShelley ,Mary _9134409 |
||
| 245 |
_aFrankenstein or the modern prometheus / _cMary Shelley |
||
| 260 |
_aPakistan _bSohail Printing Press _c2018 |
||
| 300 | _a232 p.; | ||
| 650 |
_aNovel _92525 |
||
| 942 |
_2ddc _cFIC _k823.8,SHE |
||
| 999 |
_c617400 _d617400 |
||